Fonti del Diritto Italiano (Record no. 33333)

MARC details
000 -LEADER
campo de control de longitud fija 01053nam a2200253 i 4500
001 - NÚMERO DE CONTROL
campo de control 33333
003 - IDENTIFICADOR DE NÚMERO DE CONTROL
campo de control ES-MaACL
005 - FECHA Y HORA DE LA ÚLTIMA TRANSACCIÓN
campo de control 20250809062537.0
007 - CAMPO FIJO DE DESCRIPCIÓN FÍSICA--INFORMACIÓN GENERAL
campo de control de longitud fija t|
008 - DATOS DE LONGITUD FIJA--INFORMACIÓN GENERAL
campo de control de longitud fija 030202s1944 it ||||1| ita d
100 1# - ENTRADA PRINCIPAL--NOMBRE DE PERSONA
Nombre de persona Besta, Enrico.
9 (RLIN) 28614
245 10 - MENCIÓN DEL TÍTULO
Título Fonti del Diritto Italiano
Resto del título : dalla caduta dell'Imperio Romano sino ai tempi nostri /
Mención de responsabilidad, etc. Enrico Besta.
250 ## - MENCION DE EDICION
Mención de edición 2ª ed.
260 ## - PUBLICACIÓN, DISTRIBUCIÓN, ETC.
Lugar de publicación, distribución, etc. Milano :
Nombre del editor, distribuidor, etc. A. Giuffre,
Fecha de publicación, distribución, etc. 1944 (
Fabricante Cisano Bergamasco ; Pozzoni)
300 ## - DESCRIPCIÓN FÍSICA
Extensión VIII, 209 p. ;
Dimensiones 25 cm.
510 ## - NOTA DE CITAS O REFERENCIAS BIBLIOGRÁFICAS
Nombre de la fuente ICCU,
Localización dentro de la fuente 0018818
650 #7 - PUNTO DE ACCESO ADICIONAL DE MATERIA--TÉRMINO DE MATERIA
Término de materia o nombre geográfico como elemento de entrada Derecho
Fuente del encabezamiento o término embne
9 (RLIN) 11602
651 #4 - PUNTO DE ACCESO ADICIONAL DE MATERIA--NOMBRE GEOGRÁFICO
9 (RLIN) 8866
Nombre geográfico Italia-
Subdivisión general Historia
852 ## - LOCALIZACIÓN
Ubicación ES-MaACL
Número de control de estantería D-6399
Sublocalización o colección R.31843
-- R.M.5994
itemnumber 34565
Ubicación en estantería Sala Valle Inclán
Marcas de propiedad Sello en tinta azul de la Biblioteca del Ateneo de Madrid
Anotaciones manuscritas Anotación manuscrita en cubierta: "27"
-- Anotaciones manuscritas en hoja de guarda
Nota libre En cubierta: "29.ABR.1952"
942 ## - ELEMENTOS DE ENTRADA SECUNDARIOS (KOHA)
Fuente del sistema de clasificación o colocación Clasificación decimal universal
Tipo de ítem Koha Libro impreso
Holdings
Estatus retirado Estado de pérdida Estado de daño No para préstamo Biblioteca de origen Biblioteca actual Ubicación en estantería Fecha de adquisición Fuente de adquisición Total de préstamos Signatura topográfica completa Código de barras Visto por última vez Precio de reemplazo Tipo de ítem Koha
        Biblioteca del Ateneo de Madrid Biblioteca del Ateneo de Madrid Sala Valle Inclán 17/01/2008     D-6399 901034665 23/02/2023 23/02/2023 Libro impreso